Don Juan Tenorio y el puñal del godo

Saved in:
Bibliografiske detaljer
Hovedforfatter: Zorrilla, José de (Author)
Format: Bog
Sprog:spansk
Udgivet: Ciudad de México Porrua 1979
Udgivelse:9a. ed
Serier:Sepan cuántos, 58
Fag:
Tags: Tilføj Tag
Ingen Tags, Vær først til at tagge denne postø!

MARC

LEADER 00000nam a2200000 a 4500
001 UCY2327
003 CL-VaPUC
008 941020e19790000MX |||||||||||||||||spa|d
082 0 4 |a 862  |b ZOR  |2 21 
100 0 |a Zorrilla, José de  |e author  |9 317542 
245 1 0 |a Don Juan Tenorio y el puñal del godo 
250 |a 9a. ed 
300 |a 186 p 
942 |c BK 
945 |d 19941020 00:00:00  |a oaravena 
260 |a Ciudad de México  |b Porrua  |c 1979 
650 0 |a Teatro español  |9 265077 
583 |a last modification  |c 19941020 00:00:00  |k Rodrigo Vera 
490 0 |a Sepan cuántos, 58 
999 |c 230767  |d 230765 
952 |0 0  |1 0  |2 ddc  |4 0  |6 862_000000000000000_ZOR_1979  |7 0  |8 P  |9 233291  |a BIBARQ  |b BIBARQ  |d 2019-11-15  |i 3027600  |o 862 ZOR 1979  |p 3027600  |r 2025-01-20  |w 2019-11-15  |y BK  |k ARQ